000 00572nam a2200229Ia 4500
003 OSt
005 20220923230328.0
006 a|||||r|||| 00| 0
007 ta
008 Pun
024 _a279,478
037 _cTextual
040 _aARTS
_cARTS
_bPun
041 _2Pun
_aPun
082 _aO153,1NSU7x, M7
100 _aਸੁਖੀਆ, ਦਰFਨ
245 0 _aਵਿੱਥਾਂ
260 _c1987
650 _aਪੰਜਾਬੀ ਸਾਹਿਤ
942 _hO153,1NSU7x, M7
_cTEXL
_2CC
999 _c383988
_d383988